Criminal Minds Quiz - Statistics

General Stats
  • This quiz has been taken 861 times
  • The average score is 8 of 15
Answer Stats
Hint Answer % Correct
What is Derek's main nickname for Garcia? Babygirl
91%
Who went on a date with a man, later getting shot by him? Penelope Garcia
90%
How old was Spencer when he joined the FBI? 22
89%
Who does spencer go on a date with in season one? JJ
72%
Who killed Hailey Hotchner in the 100th episode? George Foyet
65%
What was Spencer accused of? Murder
64%
What is the name of Reid's main love interest on the show whom later died? Maeve
63%
Who was the main focus of torture from the reaper? Aaron Hotchner
57%
Where did Emily work prior to joining the BAU? Interpol
56%
Which character leaves at the end of season two? Elle Greenaway
55%
What drug did Spencer end up getting addicted to after being kidnapped? Dilaudid
38%
Who framed Spencer and put him in jail? Cat Adams
33%
Who was the first replacement for JJ when she had her first baby? Jordan Todd
25%
In season two what do we find out about Derek's childhood? He was abused
21%
Why does Derek leave towards the end of season eleven? He wanted to focus on family
1%
No matching quizzes found
Score Distribution
Percent of People with Each Score
Percentile by Number Answered
Your Score History
You have not taken this quiz